000 00531nam a2200181Ia 4500
003 GCL
008 140319s9999 xx 000 0 ara d
040 _aGCL /
_cGCL
082 0 4 _a230
_bم ت
100 1 _aمحمد نجيب المطيعى
245 1 0 _aتبسيط علوم الحديث وادب الرواية /
_cمحمد نجيب المطيعى
260 _a[S.N] :
_bمطبعة حسان ،
_c1979
300 _a330 ص
490 _a
650 0 4 _aالسيرة النبوية
650 0 4 _aالحديث
942 _2ddc
_cBK
999 _c53215
_d53215